¿Adonde va América Latina?: balance de las reformas económicas /

保存先:
書誌詳細
その他の著者: Vial, Joaquín (Compilador)
フォーマット: 不明
言語:Spanish
出版事項: Santiago: CIEPLAN, 1992
主題:
タグ: タグ追加
タグなし, このレコードへの初めてのタグを付けませんか!

MARC

LEADER 00000 a2200000 04500
003 cru CIDCACS/IIS
005 20240116145316.0
008 240116b |||||||| |||| 00| 0 spa d
040 |c cru CIDCACS/IIS 
090 |a 10970.01-02 
245 1 1 |a ¿Adonde va América Latina?: balance de las reformas económicas /   |c Joaquín Vial, compilador 
260 |a Santiago:   |b CIEPLAN,  |c 1992 
300 |a 301 páginas 
650 |a CRECIMIENTO ECONOMICO  
700 1 |a Vial, Joaquín  |9 11842  |e Compilador 
942 |2 ddc  |c LI 
999 |c 45452  |d 45452